| 000 | 01273nam a2200241Ia 4500 | ||
|---|---|---|---|
| 003 | Ost | ||
| 005 | 20260507075038.0 | ||
| 008 | 260507s9999||||xx |||||||||||||| ||und|| | ||
| 040 | _cfsecg | ||
| 041 | _aara | ||
| 082 | _a330 | ||
| 100 |
_aالطباخ، شريف أحمد _eمؤلف |
||
| 245 | 0 |
_aالتعويض في حوادث السيارات في ضوء الفقه والقضاء / _c شريف أحمد الطباخ |
|
| 260 |
_aالقاهرة: _bالمركز القومي للإصدارات القانونية, _c2002 |
||
| 300 |
_a329 صفحة؛ _c24 سم |
||
| 504 | _aالملاحق ص.284 | ||
| 520 | _aتعريف دعوى التعويض وطبيعتها ونطاقها وإجراءاتها-طرق الاثبات في دعوى تعويض حوادث السيارات-اركان دعوى التعويض في حوادث السيارات-التعويض المادي والموروث والمؤقت في حوادث السيارات-الصلح في دعوى تعويض السيارات-الحكم في دعوى تعويض حوادث السيارات وطرق الطعن عليها | ||
| 653 | _aالسيارات | ||
| 653 | _aالفقه الاسلامي | ||
| 653 | _aحوادث المرور | ||
| 653 | _aقوانين وتشريعات | ||
| 942 | _cكتاب | ||
| 999 |
_c42482 _d42482 |
||